| 000 | 01287cab a2200301 4500 | ||
|---|---|---|---|
| 001 | ABS68146 | ||
| 008 | 040902n2004 000 0 eng u | ||
| 035 | _a(Sirsi) u127246 | ||
| 100 | _aRedmayne, J. | ||
| 245 | _aOn course for a painless extraction | ||
| 260 | _c2004 | ||
| 490 |
_aEstates Gazette _v(0435) 28 August 2004, 62-64(3) |
||
| 520 | _aAdvises on the best course for landowners to take in order to benefit from mineral reserves on their land. Landowners need to consider the long-term implications and to ensure that arrangements with the mineral operator maximise financial returns but minimise future liabilities. Considers how to dispose of the minerals, the arrangement between the landowner and the mineral operator, the planning process and vacant possession and restoration. | ||
| 590 | _aABS | ||
| 650 | _aMINERAL EXTRACTION | ||
| 650 | _aLANDOWNERS | ||
| 650 | _aFARM DIVERSIFICATION | ||
| 650 | _aPLANNING PROCESS | ||
| 650 | _aVACANT POSSESSION | ||
| 650 | _aMINERAL LEASES | ||
| 650 | _aTAX ISSUES | ||
| 650 | _aMINERAL PLANNING APPLICATIONS | ||
| 650 | _aPROPERTY-LANDLORD AND TENANT-TENANCIES-AGRICULTURAL TENANCIES | ||
| 650 | _aAGRICULTURAL HOLDINGS ACT 1986 | ||
| 650 | _aRESTORATION | ||
| 690 | _aMINING AND MINERALS | ||
| 942 | _n0 | ||
| 999 |
_c74523 _d74523 |
||